|
|
|
|
| LEADER |
00000nab a2200000 a 4500 |
| 001 |
vtls012249462 |
| 003 |
SK-MaSNL |
| 005 |
20260303221545.0 |
| 008 |
240202|1957 xo ||||||| || 0||slo| |
| 015 |
|
|
|a SNBRB2024
|
| 040 |
|
|
|a SNKBUCL
|b slo
|c SNKBUCL
|e AACR2
|
| 041 |
0 |
|
|a slo
|
| 044 |
|
|
|a xo
|c SK
|
| 072 |
|
7 |
|a 821.162.4.09
|x Slovenská literatúra (o nej)
|2 konspekt
|
| 080 |
|
|
|a 821.162.4-3
|2 2011
|
| 080 |
|
|
|a (0:82-95)
|2 2011
|
| 245 |
0 |
0 |
|a Stručne o nových knihách
|c zostavila redakcia
|
| 500 |
|
|
|a Obsahuje 3 recenzie od 3 autorov
|
| 600 |
1 |
7 |
|a Hrušovský, Ján,
|d 1892-1975
|t Stalo sa v našom mestečku a iné poviedky
|2 SNKMA
|9 1255252
|
| 650 |
0 |
7 |
|a slovenská próza
|2 SNKPH
|9 1206
|
| 655 |
|
7 |
|a články z odboru literárna veda a krásna literatúra
|2 snkbucl
|9 770045
|
| 655 |
|
7 |
|a články z novín a časopisov
|2 snkbucl
|9 267496
|
| 655 |
|
7 |
|a recenzie
|2 SNKPH
|9 21907
|
| 700 |
1 |
7 |
|a Petrík, Vladimír,
|d 1929-2017
|4 aut
|9 171168
|
| 773 |
0 |
|
|t Mladá tvorba
|g Roč. 2, č. 8-9 (1957), s. 284-285
|
| 787 |
0 |
8 |
|i Recenzia:
|a Hrušovský, Ján
|t Stalo sa v našom mestečku a iné poviedky
|d Bratislava : Slovenský spisovateľ, 1957
|
| 958 |
|
|
|a LX
|
| 958 |
|
|
|a PETRIKArc/1957
|
| 999 |
|
|
|c 2234739
|d 2236669
|